| 000 | 00450nam a22001817a 4500 | ||
|---|---|---|---|
| 003 | OSt | ||
| 005 | 20140310184522.0 | ||
| 008 | 131016t xxu||||| |||| 00| 0 eng d | ||
| 020 | _a9780439791441 | ||
| 050 |
_aPZ 7 _b.C712 2008 |
||
| 245 |
_aGregor and the Code of Claw _cSuzanne Collins |
||
| 260 |
_aNew York _bScholastics, _c2007 |
||
| 300 |
_a412 p. : _c20 p. |
||
| 521 | _aG5 | ||
| 526 | _c730 | ||
| 942 |
_2lcc _cBK-SCHOLAS |
||
| 999 |
_c35054 _d35054 |
||